Invitación a la psicología moderna

Guardat en:
Dades bibliogràfiques
Autor principal: Gallup, Howard F (Autor)
Format: Llibre
Idioma:espanyol
Publicat: Buenos Aires Paidós 1971
Col·lecció:Biblioteca de psicología general. Serie Mayor, 1
Matèries:
Etiquetes: Afegir etiqueta
Sense etiquetes, Sigues el primer a etiquetar aquest registre!

MARC

LEADER 00000nam a2200000 a 4500
001 UCY5771
003 CL-VaPUC
008 950512e19710000AG |||||||||||||||||spa|d
082 0 4 |a 150  |b GAL  |2 21 
100 0 |a Gallup, Howard F  |e author  |9 334982 
245 1 0 |a Invitación a la psicología moderna 
300 |a 285 p 
942 |c BK 
945 |d 19950512 00:00:00  |a cmena 
260 |a Buenos Aires  |b Paidós  |c 1971 
650 0 |a Psicología   |9 257863 
650 0 |a Motivación   |9 315362 
650 0 |a Conceptualización   |9 334304 
650 0 |a Cognición   |9 270347 
650 0 |a Procesos de aprendizaje  |9 309161 
650 7 |a CONCEPTOS  |2 CL-VaPUC  |9 334983 
650 0 |a Personalidad   |9 307255 
583 |a last modification  |c 19950512 00:00:00  |k Rodrigo Vera 
490 0 |a Biblioteca de psicología general. Serie Mayor, 1 
999 |c 233391  |d 233389 
952 |0 0  |1 0  |4 0  |6 150_000000000000000_GAL_1971  |7 0  |8 P  |9 238891  |a BIBEDU  |b BIBEDU  |c BIBEDU_PB  |d 2019-11-18  |i 1502484  |o 150 GAL 1971  |p 1502484  |r 2024-01-25  |w 2019-11-18  |y BK  |k EDU 
952 |0 0  |1 0  |4 0  |6 150_000000000000000_GAL_1971  |7 0  |8 P  |9 238892  |a BIBEDU  |b BIBEDU  |c BIBEDU_PB  |d 2019-11-18  |i 1633996  |o 150 GAL 1971  |p 1633996  |r 2024-01-25  |w 2019-11-18  |y BK  |k EDU 
952 |0 0  |1 0  |4 0  |6 150_000000000000000_GAL_1971  |7 0  |8 P  |9 238893  |a BIBENE  |b BIBENE  |d 2019-11-18  |i 3363414  |o 150 GAL 1971  |p 3363414  |r 2025-01-15  |w 2019-11-18  |y BK  |k ICO